000 00458nam a2200181Ia 4500
005 20230315084531.0
008 131103s9999 xx 000 0 und d
040 _aLoreto College
041 _aEnglish
082 _a891.44
_bGAN
100 _aGangopadhaya, Narayan
245 _aSahitya o sahitik
_cNarayan Gangopadhaya
260 _aCalcutta
_bD. M. Library
_c1957
300 _a128p
650 _aBengali Literature
850 _aLCLIB
942 _cBK
999 _c19872
_d70351